[Event "Hessen-ch A"]
[Site "Frankfurt/Main"]
[Date "2019.05.31"]
[Round "3"]
[White "Rutsatz, Mario"]
[Black "Goutham, Joshi"]
[Result "1-0"]
[WhiteElo "1959"]
[BlackElo "1839"]
[PlyCount "155"]
[EventDate "2019.05.30"]
[EventType "swiss"]
[EventRounds "7"]
[EventCountry "GER"]

{[%evp 0,110,29,1,-12,-30,-21,-10,28,-16,-4,-17,24,-22,-28,-34,-21,-46,-1,-9,
70,70,70,90,78,33,119,125,117,118,149,152,204,203,158,113,185,109,173,128,109,
94,86,79,79,76,92,60,120,90,98,102,120,121,140,117,131,90,72,72,86,78,58,68,68,
68,68,74,74,-1,27,42,53,59,45,45,99,72,39,25,25,41,42,45,45,7,73,89,126,119,
156,196,196,6,143,120,120,177,197,197,214,179,199,171,180,162,164,178,186,195,
186,186,196]} 1. g3 Nf6 2. Bg2 d5 3. Nf3 c6 4. c4 Bg4 5. Ne5 Be6 6. O-O dxc4 7.
Qc2 Qd4 8. Nf3 Qd8 9. Ng5 Bg4 10. Qxc4 Bh5 11. Nc3 h6 12. Nf3 Bg6 13. Ne5 Nbd7
14. Nxg6 fxg6 15. d4 Nb6 16. Qd3 Kf7 17. e4 e6 18. a4 a5 19. Qf3 Kg8 20. Rd1
Bb4 21. e5 Nfd5 22. Bh3 Qe8 23. Ne4 Kh7 24. Qg4 Rf8 25. Qxe6 Qxe6 26. Bxe6 Rf3
27. Bg4 Rb3 28. Nc5 Bxc5 29. dxc5 Nc4 30. Re1 Nxb2 31. Rb1 Rb4 32. Rxb2 Rxg4
33. f4 g5 34. f5 Rxa4 35. Rxb7 Rb4 36. Rd7 Kg8 37. e6 Nf6 38. Rc7 a4 39. Ba3
Rb3 40. Ra1 Rf3 41. Rxc6 Rxf5 42. Rb6 Nd5 43. Rb7 Ne3 44. Bb2 Re8 45. Rxg7+ Kf8
46. e7+ Rxe7 47. Rxe7 Kxe7 48. Re1 Kd7 49. Rxe3 Rxc5 50. Ba3 Rc4 51. h3 h5 52.
Kf1 g4 53. h4 Kc6 54. Ke2 Kd5 55. Kd2 Rc8 56. Rc3 Re8 57. Rc5+ Kd4 58. Ra5 Kc4
59. Rxa4+ Kb3 60. Ra6 Rd8+ 61. Rd6 Ra8 62. Rd3+ Kc4 63. Ke2 Ra6 64. Bd6 Ra2+
65. Rd2 Ra5 66. Bf4 Rb5 67. Ke3 Rb7 68. Ke4 Kc3 69. Rd3+ Kc4 70. Be5 Rb1 71.
Rc3+ Kb4 72. Rc7 Rf1 73. Bf4 Rd1 74. Rh7 Kc4 75. Rxh5 Rd4+ 76. Kf5 Kd3 77. Kxg4
Ra4 78. Re5 1-0

[Event "Hessen-ch A"]
[Site "Frankfurt/Main"]
[Date "2019.05.31"]
[Round "3"]
[White "Sabol, Goran"]
[Black "Iliev, Mustafa Batuhan"]
[Result "0-1"]
[WhiteElo "1867"]
[BlackElo "2068"]
[PlyCount "50"]
[EventDate "2019.05.30"]
[EventType "swiss"]
[EventRounds "7"]
[EventCountry "GER"]

1. d4 f5 2. g3 Nf6 3. Bg2 g6 4. c4 Bg7 5. Nc3 O-O 6. e3 d6 7. Nf3 c6 8. O-O Na6
9. Rb1 Nc7 10. b4 e5 11. dxe5 dxe5 12. Qxd8 Rxd8 13. Nxe5 Ne4 14. Nxe4 fxe4 15.
Bb2 Re8 16. f4 exf3 17. Nxf3 Bf5 18. Bxg7 Bxb1 19. Be5 Bd3 20. Rd1 Be2 21. Rd7
Bxf3 22. Rg7+ Kf8 23. Rxc7 Rxe5 24. Bxf3 Rxe3 25. Rxh7 Kg8 0-1

[Event "Hessen-ch A"]
[Site "Frankfurt/Main"]
[Date "2019.05.31"]
[Round "3"]
[White "Stock, Juergen"]
[Black "Hess, Steffen"]
[Result "0-1"]
[WhiteElo "1875"]
[BlackElo "2038"]
[PlyCount "64"]
[EventDate "2019.05.30"]
[EventType "swiss"]
[EventRounds "7"]
[EventCountry "GER"]

1. d4 g6 2. c3 Bg7 3. Bg5 d6 4. e3 Nd7 5. f4 Ngf6 6. Nd2 c6 7. Bc4 b5 8. Bb3
Bb7 9. Ngf3 c5 10. a3 O-O 11. Qe2 Qc7 12. O-O a6 13. Rae1 Rae8 14. Qf2 Ne4 15.
Qh4 e6 16. Nxe4 Bxe4 17. Nd2 Bb7 18. Bh6 f5 19. Bd1 Nf6 20. Bf3 Bxh6 21. Qxh6
e5 22. fxe5 dxe5 23. Bxb7 Qxb7 24. dxc5 Qd5 25. Nf3 Qxc5 26. Ng5 Re7 27. h3 Qb6
28. Kh2 e4 29. Rf4 Nh5 30. Rh4 Qd6+ 31. Kg1 Qg3 32. Rd1 Qxh4 0-1

[Event "Hessen-ch A"]
[Site "Frankfurt/Main"]
[Date "2019.05.31"]
[Round "3"]
[White "Varma, Christopher"]
[Black "Kolker, Vladislav"]
[Result "1/2-1/2"]
[WhiteElo "1842"]
[BlackElo "2023"]
[PlyCount "41"]
[EventDate "2019.05.30"]
[EventType "swiss"]
[EventRounds "7"]
[EventCountry "GER"]

{[%evp 0,41,30,8,8,8,8,8,17,-2,46,37,20,28,27,28,49,23,20,7,10,10,54,74,84,149,
114,114,166,66,145,70,187,67,121,116,137,100,170,108,108,109,116,94]} 1. e4 e5
2. Nf3 Nc6 3. Nc3 Nf6 4. Bb5 Bd6 5. d3 a6 6. Ba4 b5 7. Bb3 Na5 8. Bg5 h6 9. Bh4
Nxb3 10. axb3 c6 11. O-O O-O 12. d4 exd4 13. Qxd4 Be7 14. e5 Ne8 15. Bg3 f6 16.
Rad1 fxe5 17. Nxe5 Nf6 18. Ng6 Rf7 19. Nxe7+ Rxe7 20. Bd6 Re6 21. Rfe1 1/2-1/2

[Event "Hessen-ch A"]
[Site "Frankfurt/Main"]
[Date "2019.05.31"]
[Round "3"]
[White "Yaghi, Rita"]
[Black "Steudel, Max"]
[Result "1/2-1/2"]
[WhiteElo "1783"]
[BlackElo "1950"]
[PlyCount "54"]
[EventDate "2019.05.30"]
[EventType "swiss"]
[EventRounds "7"]
[EventCountry "GER"]

1. e4 c5 2. Nf3 g6 3. d4 cxd4 4. Nxd4 Nc6 5. c4 Nf6 6. Nc3 Nxd4 7. Qxd4 d6 8.
Bg5 Bg7 9. O-O-O Qa5 10. Nd5 Nh5 11. Qd2 Qxa2 12. Qb4 O-O 13. Qa3 Qxa3 14. bxa3
Bf6 15. Nxf6+ Nxf6 16. Bxf6 exf6 17. Rxd6 Be6 18. Kb2 Rfc8 19. Rd4 Rc5 20. a4
Rac8 21. Kc3 a6 22. Kb4 a5+ 23. Kc3 f5 24. exf5 Rxf5 25. f3 b5 26. axb5 Rxb5
27. Bd3 Rbc5 1/2-1/2

[Event "Hessen-ch A"]
[Site "Frankfurt/Main"]
[Date "2019.05.31"]
[Round "4"]
[White "Bluebaum, Johanna"]
[Black "Henrich, David"]
[Result "0-1"]
[WhiteElo "2003"]
[BlackElo "2115"]
[PlyCount "90"]
[EventDate "2019.05.30"]
[EventType "swiss"]
[EventRounds "7"]
[EventCountry "GER"]

1. d4 d6 2. Nf3 Nf6 3. c4 Nbd7 4. Nc3 e5 5. Bg5 Be7 6. e3 O-O 7. Qc2 h6 8. Bh4
exd4 9. exd4 c6 10. Be2 d5 11. b3 Re8 12. O-O Nf8 13. Rfd1 Ng6 14. Bg3 Bb4 15.
Ne5 Nxe5 16. dxe5 Bxc3 17. Qxc3 Ne4 18. Qe3 Nxg3 19. Qxg3 Be6 20. f4 Qb6+ 21.
Kh1 dxc4 22. bxc4 Bf5 23. Rd6 Qb2 24. Re1 Re6 25. Rxe6 fxe6 26. Bg4 Qc2 27.
Bxf5 Qxf5 28. Qe3 Rf8 29. g3 Rd8 30. Qxa7 Rd2 31. Qa8+ Kh7 32. Qxb7 Qh3 33.
Qb1+ Kg8 34. Qb8+ Kf7 35. Qb7+ Kg6 36. Qb1+ Kh5 37. Qd1+ Rxd1 38. Rxd1 Kg4 39.
a4 Kf3 40. Rg1 Qf5 41. a5 Qe4 42. h3 Qxc4 43. f5 exf5 44. Kh2 Qa2+ 45. Kh1 Qxa5
0-1

[Event "Hessen-ch A"]
[Site "Frankfurt/Main"]
[Date "2019.05.31"]
[Round "4"]
[White "Cherny, Andrey"]
[Black "Ruhl, Moritz"]
[Result "1-0"]
[WhiteElo "2193"]
[BlackElo "1867"]
[PlyCount "133"]
[EventDate "2019.05.30"]
[EventType "swiss"]
[EventRounds "7"]
[EventCountry "GER"]

1. Nf3 g6 2. d4 d6 3. Bf4 Bg7 4. c3 Nd7 5. e3 Ngf6 6. h3 O-O 7. Bc4 d5 8. Bb3
c5 9. O-O Qb6 10. Qc1 e6 11. Nbd2 a5 12. Ba4 Qa6 13. Bc2 b5 14. e4 dxe4 15.
Nxe4 cxd4 16. cxd4 Nxe4 17. Bxe4 Bb7 18. Re1 Bxe4 19. Rxe4 Rac8 20. Qd2 Nf6 21.
Ree1 Rfd8 22. Bg5 Rd6 23. Qf4 Nd5 24. Qd2 Nb4 25. Be7 Rdc6 26. Bc5 Rd8 27. Bxb4
axb4 28. Qxb4 Rc4 29. Qe7 Qd6 30. Qxd6 Rxd6 31. b3 Rc2 32. Red1 b4 33. a3 Rb2
34. axb4 Rxb3 35. Ra8+ Bf8 36. Rc1 Kg7 37. Rc7 Rxd4 38. Rxf7+ Kxf7 39. Nxd4
Rxb4 40. Ra7+ Kf6 41. Nf3 h6 42. Ra2 Bc5 43. Re2 Rb1+ 44. Kh2 Rf1 45. Nd2 Bd6+
46. g3 Rd1 47. Ne4+ Kf7 48. Kg2 Bb4 49. Rb2 Rd4 50. Kf3 e5 51. Ra2 Ke6 52. Ra6+
Bd6 53. Ke3 Rd5 54. f3 g5 55. Ra8 Kf7 56. Ra7+ Be7 57. g4 Ke6 58. Ra6+ Bd6 59.
Ng3 Rd1 60. Nf5 h5 61. Nxd6 Rxd6 62. Rxd6+ Kxd6 63. gxh5 Ke6 64. Ke4 Kf6 65. h6
Kg6 66. Kxe5 Kh7 67. Kf5 1-0

[Event "Hessen-ch A"]
[Site "Frankfurt/Main"]
[Date "2019.05.31"]
[Round "4"]
[White "Diez, Gerhard"]
[Black "Hasenstab, Robin"]
[Result "0-1"]
[WhiteElo "1983"]
[BlackElo "1807"]
[PlyCount "96"]
[EventDate "2019.05.30"]
[EventType "swiss"]
[EventRounds "7"]
[EventCountry "GER"]

1. e4 c5 2. Nf3 d6 3. d4 cxd4 4. Nxd4 Nf6 5. Nc3 a6 6. h3 e5 7. Nde2 b5 8. g4
Bb7 9. Bg2 b4 10. Nd5 Nxd5 11. exd5 g6 12. O-O Bg7 13. Ng3 Nd7 14. a3 bxa3 15.
Rxa3 a5 16. Ne4 Nb6 17. Bg5 f6 18. Be3 Nc4 19. Rc3 Nxe3 20. Rxe3 O-O 21. c4 Bh6
22. Ra3 Ba6 23. Re1 f5 24. gxf5 gxf5 25. Qh5 Bf4 26. Ng5 Bxg5 27. Rg3 Kh8 28.
Rxg5 Qf6 29. Kh1 Bxc4 30. Rg1 e4 31. f4 Bxd5 32. Rc1 Bf7 33. Qd1 d5 34. Rc6
Qxb2 35. Rxf5 Rg8 36. Rc2 Qb7 37. Qd4+ Rg7 38. Rb2 Qc7 39. Kh2 a4 40. Rf2 h6
41. Qf6 Kh7 42. Rxd5 Bxd5 43. Qf5+ Kh8 44. Qxd5 Rag8 45. Bxe4 Qc3 46. Qd3 Qxd3
47. Bxd3 a3 48. f5 Rg2+ 0-1

[Event "Hessen-ch A"]
[Site "Frankfurt/Main"]
[Date "2019.05.31"]
[Round "4"]
[White "Dreis, Volker"]
[Black "Nies, Peter"]
[Result "0-1"]
[WhiteElo "1930"]
[BlackElo "2060"]
[PlyCount "46"]
[EventDate "2019.05.30"]
[EventType "swiss"]
[EventRounds "7"]
[EventCountry "GER"]

{[%evp 0,46,16,19,54,40,22,4,5,24,37,-24,8,3,3,-12,-12,-10,-4,5,27,27,43,34,22,
-7,-4,-6,-2,18,20,19,15,-1,7,-216,-507,-507,-346,-507,-507,-507,-507,-561,-870,
-1352,-2350,-29999,-30000]} 1. e4 e6 2. d4 d5 3. Nd2 Nf6 4. e5 Nfd7 5. Bd3 c5
6. c3 Nc6 7. Ne2 cxd4 8. cxd4 f6 9. exf6 Nxf6 10. Nf3 Bd6 11. O-O O-O 12. Nc3
Bd7 13. Re1 Kh8 14. Bg5 Qb6 15. Na4 Qc7 16. Rc1 Ng4 17. h3 Bh2+ 18. Kf1 Nxf2
19. Qd2 Nxd3 20. Qxd3 Qg3 21. Nc5 Nxd4 22. Bh4 Rxf3+ 23. gxf3 Qg1# 0-1

[Event "Hessen-ch A"]
[Site "Frankfurt/Main"]
[Date "2019.05.31"]
[Round "4"]
[White "Dunsbach, Ralf"]
[Black "Haack, Kevin"]
[Result "1/2-1/2"]
[WhiteElo "2142"]
[BlackElo "2033"]
[PlyCount "58"]
[EventDate "2019.05.30"]
[EventType "swiss"]
[EventRounds "7"]
[EventCountry "GER"]

1. c4 e6 2. g3 d5 3. Bg2 Nf6 4. Nf3 Be7 5. O-O O-O 6. b3 c5 7. e3 Nc6 8. Bb2 b6
9. Nc3 Bb7 10. cxd5 exd5 11. d4 Rc8 12. dxc5 bxc5 13. Rc1 Qd7 14. Na4 Ba6 15.
Re1 Ne4 16. Nd2 Nxd2 17. Qxd2 Nb4 18. Red1 Nd3 19. Rc2 Rfd8 20. Bc3 Qf5 21. Nb2
Nxb2 22. Bxb2 d4 23. exd4 cxd4 24. Rxc8 Qxc8 25. Be4 Qe6 26. Bd3 Bf6 27. Bxa6
Qxa6 28. Ba1 h6 29. a4 Qb6 1/2-1/2

[Event "Hessen-ch A"]
[Site "Frankfurt/Main"]
[Date "2019.05.31"]
[Round "4"]
[White "Eurich, Jannik"]
[Black "Stock, Juergen"]
[Result "0-1"]
[WhiteElo "1704"]
[BlackElo "1875"]
[PlyCount "60"]
[EventDate "2019.05.30"]
[EventType "swiss"]
[EventRounds "7"]
[EventCountry "GER"]

1. e4 e6 2. d4 d5 3. Nd2 Be7 4. c3 c5 5. exd5 Qxd5 6. Ngf3 cxd4 7. Nxd4 Nf6 8.
N2f3 O-O 9. Be2 Rd8 10. O-O e5 11. Nb5 Qe4 12. Qe1 Nc6 13. Ng5 Qg6 14. Bc4 Rf8
15. f4 exf4 16. Bxf4 h6 17. Nf3 Bc5+ 18. Kh1 Re8 19. Qh4 Re4 20. Nd2 Re7 21.
Bxh6 a6 22. Na3 b5 23. Bb3 Re2 24. Bg5 Bb7 25. Bc2 Nb4 26. Rf2 Rxf2 27. Qxf2
Qxg5 28. Nf3 Bxf2 29. Nxg5 Nxc2 30. Nxc2 Re8 0-1

[Event "Hessen-ch A"]
[Site "Frankfurt/Main"]
[Date "2019.05.31"]
[Round "4"]
[White "Foerster Yialamas, Lucas"]
[Black "Bagatsch, Thomas"]
[Result "0-1"]
[WhiteElo "1981"]
[BlackElo "2087"]
[PlyCount "80"]
[EventDate "2019.05.30"]
[EventType "swiss"]
[EventRounds "7"]
[EventCountry "GER"]

1. e4 e5 2. Nf3 Nc6 3. Bb5 a6 4. Ba4 d6 5. O-O Bd7 6. c3 Nf6 7. Re1 Be7 8. d4
O-O 9. Nbd2 b5 10. Bc2 Bg4 11. h3 Bh5 12. d5 Nb8 13. a4 c6 14. axb5 cxb5 15.
Nf1 Nbd7 16. Ng3 Bg6 17. Be3 Qc7 18. Qe2 Rfc8 19. Rec1 Qb7 20. Nh4 Nc5 21. Bxc5
Rxc5 22. Nhf5 Bf8 23. Bd3 Bxf5 24. Nxf5 g6 25. Ne3 Bg7 26. b4 Rc7 27. Ra3 Bh6
28. Rca1 Bxe3 29. Qxe3 Rac8 30. Rxa6 Rxc3 31. Rb6 Qd7 32. Raa6 Nh5 33. Bxb5 Qe7
34. Qe2 Nf4 35. Qg4 h5 36. Qd7 Qg5 37. Bf1 Rc1 38. g3 Rxf1+ 39. Kh2 Rxf2+ 40.
Kh1 Rc1# 0-1

[Event "Hessen-ch A"]
[Site "Frankfurt/Main"]
[Date "2019.05.31"]
[Round "4"]
[White "Goutham, Joshi"]
[Black "Kosak, Matjaz"]
[Result "1-0"]
[WhiteElo "1839"]
[BlackElo "1869"]
[PlyCount "57"]
[EventDate "2019.05.30"]
[EventType "swiss"]
[EventRounds "7"]
[EventCountry "GER"]

1. d4 d5 2. Bf4 Nf6 3. e3 Bf5 4. c4 e6 5. Nc3 Be7 6. Qb3 b6 7. cxd5 Nxd5 8.
Nxd5 exd5 9. Rc1 c6 10. Bxb8 Rxb8 11. Rxc6 O-O 12. Nf3 Rc8 13. Rc3 Rxc3 14.
bxc3 Qc7 15. Bb5 Rc8 16. O-O Qxc3 17. Qxd5 Be6 18. Qe4 Qa3 19. d5 Qxa2 20. dxe6
Qxe6 21. Qxe6 fxe6 22. Bd7 Rc3 23. Bxe6+ Kf8 24. g3 b5 25. Ra1 Ba3 26. Nd4 a6
27. Bd5 b4 28. Kg2 Rc5 29. Ne6+ 1-0

[Event "Hessen-ch A"]
[Site "Frankfurt/Main"]
[Date "2019.05.31"]
[Round "4"]
[White "Halbig, Christopher"]
[Black "Muth, Andreas"]
[Result "0-1"]
[WhiteElo "1802"]
[BlackElo "2030"]
[PlyCount "66"]
[EventDate "2019.05.30"]
[EventType "swiss"]
[EventRounds "7"]
[EventCountry "GER"]

1. g3 g6 2. c4 Nf6 3. Nc3 Bg7 4. Bg2 O-O 5. e4 d6 6. Nge2 c5 7. O-O Nc6 8. d3
Ne8 9. Be3 Nd4 10. Qd2 Rb8 11. Bh6 a6 12. Bxg7 Kxg7 13. Nd5 e6 14. Ne3 Bd7 15.
f4 f5 16. Rab1 Bc6 17. exf5 Nxe2+ 18. Qxe2 Bxg2 19. Qxg2 exf5 20. Nd5 Nf6 21.
Rbe1 Re8 22. b3 Qd7 23. Qb2 Qf7 24. Kf2 h6 25. Rg1 g5 26. g4 Kg6 27. gxf5+ Kxf5
28. Ne3+ Kg6 29. h4 Ne4+ 30. dxe4 Qxf4+ 31. Ke2 Rxe4 32. Qd2 Qh2+ 33. Kf3 Rf4#
0-1

[Event "Hessen-ch A"]
[Site "Frankfurt/Main"]
[Date "2019.05.31"]
[Round "4"]
[White "Hess, Steffen"]
[Black "Ochs, Daniel Elias"]
[Result "1/2-1/2"]
[WhiteElo "2038"]
[BlackElo "1906"]
[PlyCount "42"]
[EventDate "2019.05.30"]
[EventType "swiss"]
[EventRounds "7"]
[EventCountry "GER"]

1. d4 d5 2. Nf3 Nf6 3. e3 e6 4. Bd3 Bd6 5. Nbd2 O-O 6. O-O Nbd7 7. Re1 b6 8. e4
dxe4 9. Nxe4 Be7 10. Qe2 Bb7 11. Neg5 Bd6 12. Ne5 h6 13. Ngf3 c5 14. Be3 cxd4
15. Bxd4 Nxe5 16. Bxe5 Bxe5 17. Nxe5 Qd5 18. Nf3 Qh5 19. Ne5 Qg5 20. g3 Nd5 21.
Be4 Nf4 1/2-1/2

[Event "Hessen-ch A"]
[Site "Frankfurt/Main"]
[Date "2019.05.31"]
[Round "4"]
[White "Iliev, Mustafa Batuhan"]
[Black "Blaschke, Henri Johannes"]
[Result "1-0"]
[WhiteElo "2068"]
[BlackElo "1838"]
[PlyCount "65"]
[EventDate "2019.05.30"]
[EventType "swiss"]
[EventRounds "7"]
[EventCountry "GER"]

1. e4 e5 2. Nf3 Nc6 3. Bc4 Bc5 4. c3 Nf6 5. d3 d6 6. Bb3 a6 7. Nbd2 Ba7 8. O-O
O-O 9. h3 h6 10. Re1 Re8 11. Nf1 Be6 12. Bc2 d5 13. Qe2 dxe4 14. dxe4 Qe7 15.
Ng3 Rad8 16. Nh4 Rd7 17. Qf3 Nh7 18. Nhf5 Qf8 19. Nh5 Bxf5 20. exf5 f6 21. h4
Red8 22. b4 Kh8 23. Be4 Qe8 24. a4 Qf7 25. g4 Qc4 26. Kg2 Ne7 27. g5 hxg5 28.
hxg5 c6 29. Rh1 Kg8 30. gxf6 Nxf6 31. Nxf6+ gxf6 32. Qg4+ Ng6 33. Rh6 1-0

[Event "Hessen-ch A"]
[Site "Frankfurt/Main"]
[Date "2019.05.31"]
[Round "4"]
[White "Kolker, Vladislav"]
[Black "Rutsatz, Mario"]
[Result "0-1"]
[WhiteElo "2023"]
[BlackElo "1959"]
[PlyCount "64"]
[EventDate "2019.05.30"]
[EventType "swiss"]
[EventRounds "7"]
[EventCountry "GER"]

1. e4 e6 2. Nf3 d5 3. e5 c5 4. b4 b6 5. bxc5 bxc5 6. c4 Ne7 7. Nc3 Nbc6 8. Bb2
d4 9. Nb5 Ng6 10. Qe2 a6 11. Nd6+ Bxd6 12. exd6 Qxd6 13. g3 Rb8 14. d3 Bb7 15.
Bg2 Nce5 16. Bc1 O-O 17. O-O Nxf3+ 18. Bxf3 Bxf3 19. Qxf3 e5 20. h4 Ne7 21. h5
Qc6 22. Qg4 f5 23. Qh4 Rbe8 24. h6 f4 25. hxg7 Kxg7 26. gxf4 Kh8 27. f3 Nf5 28.
Qh3 Ng3 29. Rf2 exf4 30. Bd2 Rf5 31. Rh2 Rh5 32. Qg4 Rg8 0-1

[Event "Hessen-ch A"]
[Site "Frankfurt/Main"]
[Date "2019.05.31"]
[Round "4"]
[White "Krychevskiy, Dmytro"]
[Black "Burkhardt, Holger"]
[Result "0-1"]
[WhiteElo "1927"]
[BlackElo "2042"]
[PlyCount "108"]
[EventDate "2019.05.30"]
[EventType "swiss"]
[EventRounds "7"]
[EventCountry "GER"]

1. e4 d6 2. d4 Nf6 3. Nc3 e5 4. dxe5 dxe5 5. Qxd8+ Kxd8 6. Bg5 Be6 7. O-O-O+
Kc8 8. Nf3 Nbd7 9. a3 Bc5 10. Bh4 Ng4 11. Rd2 f6 12. h3 Nh6 13. Na4 Be7 14. Be2
Nf7 15. Ne1 Nd6 16. f3 b5 17. Nc3 c6 18. Bf2 Kc7 19. b3 Nb7 20. Kb2 a5 21. Nd3
a4 22. b4 Nb6 23. Nc1 Nd6 24. Bxb6+ Kxb6 25. Rhd1 Rhd8 26. Bd3 g6 27. N1e2 Bf8
28. g3 Rd7 29. h4 Rad8 30. Kc1 Bh6 31. f4 Bg4 32. h5 gxh5 33. Rh1 c5 34. Nd5+
Kc6 35. bxc5 Bf3 36. Rh2 exf4 37. Nd4+ Kxc5 38. Nxf3 fxg3 39. Rxh5 Bxd2+ 40.
Kxd2 Nxe4+ 41. Bxe4 Rxd5+ 42. Rxd5+ Rxd5+ 43. Bxd5 Kxd5 44. Kd3 g2 45. Ng1 h5
46. Ne2 h4 47. Nf4+ Kc5 48. Nh3 f5 49. Ng1 b4 50. axb4+ Kxb4 51. c3+ Kc5 52.
Kc2 f4 53. Kb2 f3 54. Nxf3 h3 0-1

[Event "Hessen-ch A"]
[Site "Frankfurt/Main"]
[Date "2019.05.31"]
[Round "4"]
[White "Kuhn, Gerhard"]
[Black "Galkin, Wladislaw"]
[Result "0-1"]
[WhiteElo "1977"]
[BlackElo "2156"]
[PlyCount "84"]
[EventDate "2019.05.30"]
[EventType "swiss"]
[EventRounds "7"]
[EventCountry "GER"]

1. e4 e5 2. Nf3 Nc6 3. Bc4 Bc5 4. d3 Nf6 5. O-O d6 6. h3 a6 7. a4 Ne7 8. c3 Ba7
9. Nbd2 O-O 10. Re1 Ng6 11. Nf1 Be6 12. Ba2 Bxa2 13. Rxa2 Nh5 14. d4 Nhf4 15.
dxe5 dxe5 16. Bxf4 Nxf4 17. Qxd8 Raxd8 18. Nxe5 Rfe8 19. Nc4 Nd3 20. Rb1 Nxf2
21. Kh2 Rxe4 22. b3 Nd1 23. Rc1 Ne3 24. Ncxe3 Bxe3 25. Rcc2 Rd1 26. Nxe3 Rxe3
27. Rd2 Rxd2 28. Rxd2 Kf8 29. Rc2 f5 30. a5 Ke7 31. Kg1 Ke6 32. Kf2 f4 33. b4
g5 34. c4 h5 35. b5 g4 36. hxg4 hxg4 37. c5 g3+ 38. Kf1 axb5 39. c6 bxc6 40. a6
Ra3 41. Rxc6+ Kd5 42. Rxc7 Rxa6 0-1

[Event "Hessen-ch A"]
[Site "Frankfurt/Main"]
[Date "2019.05.31"]
[Round "4"]
[White "Mudrinic, Nenad"]
[Black "Dzyba, Sultan"]
[Result "1/2-1/2"]
[WhiteElo "1897"]
[BlackElo "1982"]
[PlyCount "87"]
[EventDate "2019.05.30"]
[EventType "swiss"]
[EventRounds "7"]
[EventCountry "GER"]

1. c4 f5 2. Nc3 Nf6 3. d3 g6 4. e4 fxe4 5. dxe4 d6 6. f4 Bg7 7. Nf3 Nc6 8. Be2
O-O 9. O-O Kh8 10. Qe1 Bg4 11. Ng5 Bd7 12. Qh4 h6 13. f5 gxf5 14. exf5 Ne5 15.
Ne6 Bxe6 16. fxe6 Ng8 17. Nd5 Rxf1+ 18. Bxf1 c6 19. Nf4 Qb6+ 20. Kh1 Rf8 21.
Qg3 Qd4 22. Be3 Qxb2 23. Rd1 Qc2 24. Rc1 Qf5 25. Be2 Nf6 26. Bf3 Ne4 27. Bxe4
Qxe4 28. Nh5 Qg4 29. Qxg4 Nxg4 30. Bxa7 Be5 31. h3 Nf2+ 32. Kg1 Nd3 33. Rb1 Nb2
34. Be3 Kh7 35. Bc1 Bd4+ 36. Kh2 Rf2 37. Kg3 Rc2 38. Bxb2 Bxb2 39. Kf3 b5 40.
cxb5 cxb5 41. Nf4 Kg7 42. Nd5 Kf8 43. Ne3 Rd2 44. Nf1 1/2-1/2

[Event "Hessen-ch A"]
[Site "Frankfurt/Main"]
[Date "2019.05.31"]
[Round "4"]
[White "Neidhardt, Helge"]
[Black "Emig, Nils"]
[Result "1/2-1/2"]
[WhiteElo "2094"]
[BlackElo "1784"]
[PlyCount "25"]
[EventDate "2019.05.30"]
[EventType "swiss"]
[EventRounds "7"]
[EventCountry "GER"]

1. d4 d5 2. c4 c6 3. Nf3 Nf6 4. e3 e6 5. Nc3 Bd6 6. Bd3 dxc4 7. Bxc4 Nbd7 8.
O-O O-O 9. a4 e5 10. h3 exd4 11. exd4 Nb6 12. Ba2 Nbd5 13. Re1 1/2-1/2

[Event "Hessen-ch A"]
[Site "Frankfurt/Main"]
[Date "2019.05.31"]
[Round "4"]
[White "Oezdemir, Ali Oezden"]
[Black "Calvi, Stefan"]
[Result "1/2-1/2"]
[WhiteElo "1997"]
[BlackElo "1980"]
[PlyCount "144"]
[EventDate "2019.05.30"]
[EventType "swiss"]
[EventRounds "7"]
[EventCountry "GER"]

1. e4 c5 2. Nf3 Nc6 3. d4 cxd4 4. Nxd4 e5 5. Nb5 d6 6. N1c3 a6 7. Na3 b5 8. Nd5
Nge7 9. c4 Nd4 10. Bg5 f6 11. Be3 Nxd5 12. Bxd4 Qa5+ 13. Qd2 Qxd2+ 14. Kxd2
exd4 15. exd5 bxc4 16. Bxc4 g6 17. Rhe1+ Kf7 18. Nc2 Bh6+ 19. Ke2 d3+ 20. Bxd3
Bb7 21. Bc4 a5 22. Nd4 Bf4 23. Kd3 Rhe8 24. Ne6 Bh6 25. Nc7 Rxe1 26. Rxe1 Rd8
27. g3 f5 28. a4 Bc8 29. b4 axb4 30. a5 Rd7 31. Ne6 Ra7 32. Nd8+ Kf8 33. Nc6
Ra8 34. Rb1 f4 35. Rxb4 fxg3 36. hxg3 Ke8 37. Bb5 Bd7 38. Rh4 Bg7 39. Rxh7 Kf8
40. a6 g5 41. Kc4 Bg4 42. Kb4 Bf3 43. Bc4 Kg8 44. Rxg7+ Kxg7 45. Kb5 Kf6 46.
Kb6 Kf5 47. Kb7 Rh8 48. a7 Rh7+ 49. Kb6 Rxa7 50. Kxa7 Ke4 51. Kb6 Bg4 52. Kc7
Kf3 53. Kxd6 Kxf2 54. Ke5 Kxg3 55. d6 Bd7 56. Nb8 Ba4 57. Bb3 Bb5 58. Na6 g4
59. Nc5 Kh2 60. Ne4 g3 61. Nxg3 Kxg3 62. Kf6 Kf4 63. Bf7 Ba4 64. Bd5 Bb5 65.
Bb7 Bd7 66. Ke7 Bg4 67. Bc6 Ke5 68. Bd7 Be2 69. Be6 Bb5 70. Bc4 Ba4 71. Bd3 Bc6
72. d7 Bxd7 1/2-1/2

[Event "Hessen-ch A"]
[Site "Frankfurt/Main"]
[Date "2019.05.31"]
[Round "4"]
[White "Rolf, Marco"]
[Black "Carow, Annelen"]
[Result "1-0"]
[WhiteElo "2098"]
[BlackElo "2131"]
[PlyCount "133"]
[EventDate "2019.05.30"]
[EventType "swiss"]
[EventRounds "7"]
[EventCountry "GER"]

1. d4 Nf6 2. Nf3 e6 3. e3 c5 4. Bd3 d5 5. b3 Nc6 6. O-O Bd6 7. Nbd2 O-O 8. Bb2
Qe7 9. Ne5 cxd4 10. exd4 Ba3 11. Bxa3 Qxa3 12. c3 Ne7 13. f4 Nf5 14. Rf3 Qe7
15. Rh3 g6 16. g4 Nd6 17. Qe2 b6 18. g5 Nfe8 19. Qg4 Nf5 20. Bxf5 exf5 21. Qh4
h5 22. gxh6 Qxh4 23. Rxh4 Kh7 24. c4 Be6 25. Re1 Nf6 26. Ndf3 Nh5 27. Ng5+ Kxh6
28. Nxe6 fxe6 29. Nf3 Rac8 30. Rxe6 dxc4 31. Ne5 Rg8 32. bxc4 Kh7 33. d5 b5 34.
cxb5 Rc1+ 35. Kf2 Rd1 36. d6 Rd4 37. d7 Rg7 38. Nf3 Rdxd7 39. Ng5+ Kh8 40. Rh3
Rde7 41. Rhe3 Rxe6 42. Rxe6 Nxf4 43. Re8+ Rg8 44. Nf7+ Kg7 45. Rxg8+ Kxg8 46.
Ne5 Nd5 47. Nc6 Nc3 48. Nxa7 Nxa2 49. b6 Nb4 50. b7 Na6 51. Nc6 Kg7 52. Kf3 g5
53. b8=Q Nxb8 54. Nxb8 Kg6 55. Nd7 Kh5 56. Nf6+ Kg6 57. Nd5 Kh5 58. Ne3 Kg6 59.
Ng2 Kh5 60. Ne3 Kg6 61. Nf1 Kh5 62. Ke3 f4+ 63. Ke4 Kh4 64. Kf5 Kh3 65. Kxg5 f3
66. Kf4 Kg2 67. h4 1-0

[Event "Hessen-ch A"]
[Site "Frankfurt/Main"]
[Date "2019.05.31"]
[Round "4"]
[White "Rosenberger, Frank"]
[Black "Voellinger, Florian"]
[Result "1-0"]
[WhiteElo "2046"]
[BlackElo "1871"]
[PlyCount "53"]
[EventDate "2019.05.30"]
[EventType "swiss"]
[EventRounds "7"]
[EventCountry "GER"]

1. e4 d5 2. exd5 Qxd5 3. Nc3 Qd8 4. Bc4 Nf6 5. d4 Bg4 6. f3 Bd7 7. Nge2 e6 8.
Bg5 h6 9. Bf4 Bd6 10. Qd2 Nc6 11. Bxd6 cxd6 12. Nb5 d5 13. Bd3 Qb8 14. O-O-O a6
15. Nbc3 b5 16. g4 b4 17. Nb1 Qb6 18. Qf4 Qa5 19. g5 hxg5 20. Qxg5 Ke7 21. Ng3
g6 22. h4 Rhg8 23. Nd2 Qxa2 24. Nde4 dxe4 25. Nxe4 Qd5 26. Qxf6+ Kf8 27. Ng5
1-0

[Event "Hessen-ch A"]
[Site "Frankfurt/Main"]
[Date "2019.05.31"]
[Round "4"]
[White "Schmitt, Carsten"]
[Black "Bethke, Robert"]
[Result "1/2-1/2"]
[WhiteElo "1912"]
[BlackElo "2024"]
[PlyCount "29"]
[EventDate "2019.05.30"]
[EventType "swiss"]
[EventRounds "7"]
[EventCountry "GER"]

1. c4 e6 2. g3 d5 3. Bg2 Nf6 4. Nf3 Be7 5. O-O O-O 6. b3 b6 7. Bb2 Bb7 8. e3
Nbd7 9. Qe2 Re8 10. Rd1 c5 11. cxd5 exd5 12. d4 cxd4 13. Nxd4 Bc5 14. Nc3 Qb8
15. Rac1 1/2-1/2